00421 a2200157 4500003000400000005001700004008004100021020001800062040000900080082001800089100003000107245006900137250001200206260003000218300001500248OSt20230826150025.0230826b |||||||| |||| 00| 0 eng d a9789356063648 coclc a658.15bBER/F1 aBerk, Jonathan B.,d1962- aFINANCIAL MANAGEMENT /cJonathan Berk, Peter DeMarzo, Rama Seth. a3rd ed. aChennai:bPearson,c2023. a1082 pages